01593 a2200241 45000010006000000050017000060080041000230030015000640400040000790800057001192450074001760200022002502500012002722640034002843000026003185050793003440410008011371000033011457000022011787000022012007000034012228560095012564061320260407155701.0260407a2014 arg spa dAR-UNSa-BCEJYS aAR-UNSa-BCEJYSbspacAR-UNSa-BCEJYS a658.5xPlanificación y control de la producción 10aAdministración de operacionespproducción y cadena de suministros a978-607-15-1004-4 a13a. ed 1aMéxico :bMcGraw-Hillc2014 axxvii, 780 p.c27 cm. a1. Administración de operaciones y cadenas de suministro - 2. Estrategia y sustentabilidad - 3. Diseño de productos y servicios - 4. Administración estratégica de la capacidad - 5. Análisis de procesos - 6. Procesos de producción - 7. Procesos de servicio - 8. Procesos en servicios médicos - 9. Calidad Six-Sigma - 10. Proyectos - 11. Compras y adquisiciones globalizadas - 12. Ubicación, logística y distribución - 13. Cadenas de suministro esbeltas y sustentables - 14. Sistemas de planificación de recursos de la empresa - 15. Administración y pronóstico de la demanda - 16. Planificación de ventas y operaciones - 17. Control de inventarios - 18. Planificación de requerimientos de materiales - 19. Programación - 20. Administración de restricciones aspa1 aTorres Matus, José Rodolfo1 aJacobs, F. Robert1 aChase, Richard B.1 aGómez Valdez, Carlos Rafael41uhttps://biblioeco.unsa.edu.ar/pmb/images/libros/L126141.jpgyImagen de portadaqimage/jpeg